000 00490cam a2200193ua 4500
001 11782
008 190318n II |||gr||||Z||||||eng
040 _aMAIN
041 _aEnglish
041 _aeng
082 _a510 TYA
245 _aFUNCTIONS OF COMPLEX VARIABLE
260 _aMEERUT
_bKEDARNATH RAMNATH
300 _a456:
_c26CM.
500 _aDonated by Paran Bhuyan, Melachakar, Sibsagar on 11.03.2019
653 _aMathematics
700 _aTYAGI, B.S.,
_eAUTHOR.
942 _cBK
999 _c11747
_d11747